Thermodynamics (Record no. 5996)

000 -LEADER
fixed length control field 00510nam a2200205 i 4500
001 - CONTROL NUMBER
control field 5996
003 - CONTROL NUMBER IDENTIFIER
control field BD-DhUET
008 - FIXED-LENGTH DATA ELEMENTS--GENERAL INFORMATION
fixed length control field 770308s1978 nyua b 001 0 eng
020 ## - INTERNATIONAL STANDARD BOOK NUMBER
International Standard Book Number 0029789109
040 ## - CATALOGING SOURCE
Original cataloging agency DLC
Transcribing agency DLC
Modifying agency BD-DhUET
082 00 - DEWEY DECIMAL CLASSIFICATION NUMBER
Classification number 621.01
Item number FAI/1970
100 ## - MAIN ENTRY--PERSONAL NAME
Personal name Faires, Virgil Moring
245 10 - TITLE STATEMENT
Title Thermodynamics
250 ## - EDITION STATEMENT
Edition statement 6th ed.
260 ## - PUBLICATION, DISTRIBUTION, ETC. (IMPRINT)
Place of publication, distribution, etc. New York
Name of publisher, distributor, etc. Macmillan
Date of publication, distribution, etc. 1978
300 ## - PHYSICAL DESCRIPTION
Extent xxiii, 647 p.
Other physical details ill.
Dimensions 26 cm.
650 #0 - SUBJECT ADDED ENTRY--TOPICAL TERM
Topical term or geographic name as entry element Thermodynamics
700 ## - ADDED ENTRY--PERSONAL NAME
Personal name Simmang, Clifford M.
942 ## - ADDED ENTRY ELEMENTS (KOHA)
Koha item type General Book
Holdings
Price effective from Koha full call number Withdrawn status Copy number Lost status Location (home branch) Shelving location Not for loan Sublocation or collection (holding branch) Source of classification or shelving scheme Piece designation (barcode) Damaged status Koha item type Date acquired Koha date last seen Koha normalized classification for sorting
2014-11-29621.01/FAI/1978 2 Central Library, BUETCirculation section Central Library, BUET 37055 General Book2014-11-292014-11-29621_010000000000000_FAI_1978
2014-11-29621.01FAI/1978 3 Central Library, BUETCirculation section Central Library, BUET 53629 General Book2014-11-292014-11-29621_000000000000000_01FAI1978
2015-06-14621.01/FAI/1970 3 Central Library, BUETReading section Central Library, BUET 55395 General Book2015-06-142015-06-14621_010000000000000_FAI_1970
2015-06-16621.01/FAI/1970 4 Central Library, BUETReading section Central Library, BUET 42942 General Book2015-06-162015-06-16621_010000000000000_FAI_1970
2015-06-29621.01/FAI/1970 5 Central Library, BUETReading section Central Library, BUET 50946 Reading Item2015-06-292015-06-29621_010000000000000_FAI_1970